F1 Podiums 1997 - Statistics

General Stats
  • This quiz has been taken 297 times
  • The average score is 12 of 15
Answer Stats
Answers % Correct
Michael Schumacher
100%
Ralf Schumacher
100%
Jacques Villeneuve
99%
Mika Hakkinen
97%
David Coulthard
95%
Damon Hill
92%
Heinz-Harald Frentzen
91%
Eddie Irvine
87%
Rubens Barrichello
79%
Gerhard Berger
78%
Jean Alesi
76%
Giancarlo Fisichella
73%
Johnny Herbert
66%
Olivier Panis
63%
Alexander Wurz
53%
No matching quizzes found
Score Distribution
Percent of People with Each Score
Percentile by Number Answered
Your Score History
You have not taken this quiz